Passages (Record no. 306)

MARC details
000 -LEADER
campo de control de longitud fija 00630nam a22001697a 4500
008 - DATOS DE LONGITUD FIJA--INFORMACIÓN GENERAL
campo de control de longitud fija 140829b xxu||||| |||| 00| 0 eng d
020 ## - NÚMERO INTERNACIONAL ESTÁNDAR DEL LIBRO
Número Internacional Estándar del Libro 2865890562
082 ## - NÚMERO DE LA CLASIFICACIÓN DECIMAL DEWEY
Número de clasificación 735.23
Número de ítem K91p
100 ## - ENTRADA PRINCIPAL--NOMBRE DE PERSONA
Nombre de persona Krauss, Roselind
9 (RLIN) 1431
245 ## - MENCIÓN DEL TÍTULO
Título Passages
Resto del título Une historie de la sculpture de Rodin á Smithson
Mención de responsabilidad, etc. Rosalind Krauss
260 ## - PUBLICACIÓN, DISTRIBUCIÓN, ETC.
Lugar de publicación, distribución, etc. París
Nombre del editor, distribuidor, etc. Editions Macula
Fecha de publicación, distribución, etc. 1997
300 ## - DESCRIPCIÓN FÍSICA
Extensión 310 p
Otras características físicas ill. col
Dimensiones 23 cm
505 ## - NOTA DE CONTENIDO CON FORMATO
Título Passages Une historie de la sculpture de Rodin á Smithson,Rosalind Krauss. Geralidades. Monografias.
650 ## - PUNTO DE ACCESO ADICIONAL DE MATERIA--TÉRMINO DE MATERIA
Término de materia o nombre geográfico como elemento de entrada Escultura moderna
Subdivisión general Siglo XX
9 (RLIN) 1432
655 ## - TERMINO DE INDIZACIÓN--GENERO/FORMA
Datos o término principal de género/forma Historia del arte
9 (RLIN) 1417
700 ## - ENTRADA AGREGADA--NOMBRE PERSONAL
Nombre de persona Rosalind Krauss
9 (RLIN) 1433
Holdings
Estatus retirado Estado de pérdida Fuente del sistema de clasificación o colocación Estado de daño No para préstamo Biblioteca de origen Biblioteca actual Ubicación en estantería Fecha de adquisición Total de préstamos Signatura topográfica completa Código de barras Visto por última vez Precio de reemplazo Tipo de ítem Koha
    Clasificación Decimal Dewey     Biblioteca LadoV Biblioteca LadoV   29/08/2014   735.23 K91p 000290 29/08/2014 29/08/2014 Material 01